000 04179nam a2200505 i 4500
001 991061740190506706
003 ES-BaIT
005 20260423091008.0
008 260319e202510 spc|||| |||| 0|0 0 spa|
015 _aLL2026
_2bnc
017 _aDL B 20335-2025
_bBiblioteca de Catalunya
020 _a9788412966176
040 _aES-BaBC
_bcat
_erda
_cES-BaBC
041 1 _aspa
_hcat
080 _a791/793:37.02
_22004
080 _a372.36
_22004
080 _a159.925
_22004
080 _a792.028.31
100 1 _aMorin, Anne,
_d1957-
_eautor
_9169284
240 1 _aBase tècnica.
_lCastellà
_9169285
245 1 0 _aBase técnica :
_bmétodo de conciencia corporal para artistas escénicos /
_cAnne Morin ; ilustraciones: Noa Sauer
250 _aPrimera edición
264 1 _aEl Masnou, Maresme, Barcelona :
_bNeret Edicions,
_coctubre 2025
300 _a131 pàgines :
_bil·lustracions en color ;
_c24 cm
336 _atext
_btxt
_2rdacontent
337 _asense mediació
_bn
_2rdamedia
338 _avolum
_bnc
_2rdacarrier
490 1 _aArt de fer ;
_v9
500 _aTítol original: Base tècnica : mètode de consciència corporal per a artistes escènics
500 _aInclou codis QR amb accés a contingut addicional
505 8 _aConté: 1. Prólogo -- 2. Introducción -- 3. Contra la mala praxis, la precariedad y el paso del tiempo -- 4. Las imágenes -- 5. Lo que hay que saber -- 5.1. Conectar con el cuerpo para habitar el movimiento -- 5.2. Fundamentos para la consciencia corporal -- 5.3. Conceptos básicos: lo que sí y lo que no -- 5.4. Limitar las repeticiones, la mejor elección -- 5.5. A la búsqueda de sensaciones -- 5.6. Nomenclatura básica -- 5.7. Los básicos de la anatomía -- 6. Las rutinas -- 6.1. Preparación del cuerpo -- 6.2. Pies y piernas -- 6.3. Piernas: fuera de eje -- 6.4. En el suelo I -- 6.5. En el suelo II: boca arriba y espalda al suelo -- 6.6. En el suelo III: piernas -- 6.7. Boca abajo y regreso a la posición erguida -- 7. Vivir el cuerpo más allá del entrenamiento -- 7.1. Pre y post: un protocolo para el artista escénico -- 7.2. Situaciones cotidianas -- 7.3. Y nos hacemos mayores… -- 8. ¿Y si finalmente la lesión llega? Cómo asumirlo sin entrar en pánico -- 9. Antes y después: testimonios de personas que han experimentado el método
520 _a"Base Técnica es una propuesta integral de ejercicios para trabajar el cuerpo de manera consciente.A partir de su experiencia como bailarina y artista de circo, y viendo que muchos profesionales de las artes escénicas se lesionan con frecuencia y en muchos casos tienen que abandonar sus carreras profesionales, Anne Morin ha desarrollado un método para un trabajo suave y progresivo que pone conciencia a las posibilidades y los límites del cuerpo en movimiento, y que comparte aquí de manera íntegra.Cómo destaca el osteópata y fisioterapeuta Juan Alain Olivier, se trata de un método con «una base biomecánica sólidamente fundamentada en un cuerpo coherente de conocimientos […] Anne entiende el movimiento humano como lo que realmente es: una compleja interrelación de sumas y matices, de gestos complementarios que juntos generan la armonía del conjunto. Esta comprensión se traduce en una ejecución natural, fluida, orgánica. Los movimientos propuestos parecen casi innatos, como si hubieran estado desde siempre esperando a ser descubiertos.»El libro se acompaña de las ilustraciones de Noa Sauer y los videos de Susana García Dorta, que complementan el método y ayudan a implementar mejor la propuesta de la autora. También queremos mencionar la tarea de acompañamiento a la elaboración del texto de Esther Morales Hernández." -- Contracoberta
650 7 _aEducació psicomotriu
_956762
650 0 _aAprenentatge motor
_2lemac
_9101162
650 7 _aEstirament (Exercici)
_956840
650 7 _aExercici terapèutic
_956866
650 7 _aExpressió corporal
_956877
650 0 _aExpressió corporal
_xTècniques
_973832
650 7 _aMent i cos
_957264
700 1 _aSauer, Noa
_eil·lustrador
_9169286
830 _aArt de fer
_v9
_9159979
908 _aBC
_aCDMAE
940 _aBC
942 _2udc
_c1
999 _c137389
_d137389